| 000 | 00531nam a2200181 4500 | ||
|---|---|---|---|
| 999 |
_c6523 _d6523 |
||
| 008 | 020604s1997 ph engQU | ||
| 020 | _a971542094X | ||
| 100 | 1 | _aCorpus, Onofre D. | |
| 245 | 1 | 0 |
_aAn economic history of the Philippines / _cOnofre D. Corpuz. |
| 260 |
_aQuezon City : _bUP Press, _cc1997. |
||
| 300 |
_axi, 312 p. ; _c26 cm. |
||
| 336 | _atext | ||
| 337 | _aunmediated | ||
| 338 | _avolume | ||
| 651 | 4 |
_aEconomics _zPhilippines _xHistory _yTo1800. |
|
| 651 | 4 |
_aPhilippines _xEconomic conditions. |
|
| 942 |
_2lcc _cBK |
||